Ordinary people, extraordinary profits : How to make a living as an independent stock, options, and futures trader

Salvato in:
Dettagli Bibliografici
Autore principale:  Nassar, David S
Natura: Sách
Lingua:Undetermined
Pubblicazione:  Wiley  2006
Soggetti:
Tags: Aggiungi Tag
Nessun Tag, puoi essere il primo ad aggiungerne! !
Thư viện lưu trữ: Trung tâm Thư viện - Trường Đại học Công nghiệp TP. Hồ Chí Minh
LEADER 00542nam a2200157Ia 4500
001 UIH_07195
008 231011s9999 xx 000 0 und d
082 |a  332.6 
100 |a  Nassar, David S 
245 0 |a  Ordinary people, extraordinary profits : How to make a living as an independent stock, options, and futures trader 
245 0 |c  Nassar, David S 
260 |b  Wiley 
260 |c  2006 
650 |a  Đầu tư;  
927 |a Sách 
980 |a Trung tâm Thư viện - Trường Đại học Công nghiệp TP. Hồ Chí Minh